The dialectic of ideology and technology : The origins, grammar and the future of ideology

Shranjeno v:
Bibliografske podrobnosti
Glavni avtor: Gouldner, Alvin W
Format: Knjiga
Jezik:Undetermined
Izdano: London Macmillan 1976
Teme:
Oznake: Označite
Brez oznak, prvi označite!
Thư viện lưu trữ: Trung tâm Học liệu Trường Đại học Cần Thơ
LEADER 00547nam a2200193Ia 4500
001 CTU_86214
008 210402s9999 xx 000 0 und d
082 |a 335.4 
082 |b G696 
100 |a Gouldner, Alvin W 
245 4 |a The dialectic of ideology and technology : 
245 4 |b The origins, grammar and the future of ideology 
245 0 |c Alvin W Gouldner 
260 |a London 
260 |b Macmillan 
260 |c 1976 
650 |a Communism and society 
904 |i Năm 
980 |a Trung tâm Học liệu Trường Đại học Cần Thơ